000 00910nmm a2200277 a 4500
001 ocm000701148
003 TR-IsHL
005 20201028125253.0
008 110704s1982 tu tur
007 cr cn
035 _a701148
_b(N$T)
050 0 4 _aHC492
_b.Y57 1982
090 0 4 _aHC492
_b.Y57 1982
245 1 0 _a24 Ocak Kararları'nın değerlendirilmesi
_h[electronic resource]
250 _a1. bs.
260 _aİstanbul :
_bİstanbul Ticaret Odası,
_c1982
300 _a164 p.
650 4 _aEkonomi ve Finans
650 4 _aEconomics and Finance
650 0 _aTürkiye
_x Ekonomi politikası
650 0 _aTurkey
_x Economic policy
650 0 _aTürkiye
_x Ekonomi tarihi
650 0 _aTurkey
_x Economic history
650 7 _aBUSINESS & ECONOMICS / Economic Conditions
_2bisacsh
856 4 0 _uhttp://search.ebscohost.com/login.aspx?direct=true&scope=site&db=e011xww&AN=701148
999 _c3392
_d3392